000 00673nam a2200289Ia 4500
005 20260324134647.0
008 008 260324s9999 xx 000 0 eng d
020 _a9780429079580
037 _aEBOOK
040 _aCRL
040 _beng
040 _cCRL
041 _2eng
041 _aeng
084 _qCRL
100 _aJim Ledin
_91197671
245 0 _aSimulation Engineering
245 0 _bBuild Better Embedded Systems Faster
260 _bTaylor and Francis
260 _c2001
365 _a
365 _b385
856 _uhttp://www.taylorfrancis.com/books/9780429079580
942 _cEBOOK
999 _c1797969
_d1797969